Responses for Show #1100 - Friday, May 19, 1989

1989 College Championship final game 2.

Contestants

[<< previous game]

Linda Krisak, a sophomore from Case Western Reserve University (subtotal of $3,400)

Alex Yang, a senior from Tulane University (subtotal of $10,100)

Tom Cubbage, a senior from Southern Methodist Univeristy (subtotal of $17,400)

[next game >>]

Jeopardy! Round responses

BUSINESS & INDUSTRY
PATRON SAINTS
COUNTRIES
COLLEGE TRIVIA
4-LETTER WORDS
TV THEMES
    $100 1
librarians

Tom
    $100 6
Spain

Linda
    $100 17
automatic tellers (ATMs)

Linda
    $100 7
the palm

Tom
    $100 12
[Laughter of recognition as the music played]
(Tom: What is the theme of [*]?)

The Brady Bunch

Tom
    $200 2
policemen

Tom
    $200 8
Hungary

Tom
    $200 18
Kentucky

Alex
    $200 22
left

Alex
    $200 13
(Tom: What is the theme from [*]?)
(Alex Trebek: Obviously you watch a great deal of television, huh, Tom? And you do well in school also.)

Dynasty

Tom
    $300 28
[The end-of-round signal sounds.]

Federal Express

Tom
    $300 3
Apollonia

Linda
    $300 9
Canada

Linda
    $300 19
the Commodores

Tom
    $300 23
to pant

Alex
    $300 14
Growing Pains

Alex
    $500 27
(Alex Yang: What is remodel?)

lower prices

Alex
    $400 4
a hatter

Tom
    $400 10
(1 of) Iran (USSR)

Tom
    $400 20
a 2

Triple Stumper
    $400 24
(Alex Trebek: We have less than a minute to go.)

bush

Tom
    $400 15
(Alex Trebek: "With A Little Help From My Friends" by Joe Cocker.)

The Wonder Years

Linda
    $500 26
the Garment District (garment industry)

Alex
    $500 5
St. Barbara

Tom
    $500 11
(Alex Yang: What is Morocco?)

Sierra Leone

TomAlex
    $500 21
Howard University

Tom
    $500 25
to rule

Alex
    $500 16
(Linda: What is TV 101?)
...
(Alex Trebek: Holly Robinson, the singer.)

21 Jump Street

Linda
Triple Stumper

Scores at the first commercial break (after clue 11):

Tom Alex Linda
$2,400 -$500 $700

Scores at the end of the Jeopardy! Round:

Tom Alex Linda
$4,200 $1,000 $700

Double Jeopardy! Round responses

IN THE NEWS
THE BRAIN
NOVELS
AMERICAN HISTORY
IN THE OCEAN
DISNEY DOGS
    $200 23
Norway

Tom
    $200 3
memory

Tom
    $200 4
Lady Chatterley's Lover

Linda
    $200 6
the Secret Service

Alex
    $200 21
attach to ships (anything)

Alex
    $200 1
Pluto

Linda
    $400 24
Tom Landry

Alex
    $400 7
R.E.M. sleep (rapid eye movement)

Tom
    $400 12
Kim

Linda
    $400 8
wampum

Tom
    $400 22
blood

Tom
    $400 2
Goofy

Alex
    $600 25
(John) Tower

Linda
    $600 14
intelligence

Linda
    $1,000 15
1984 & Animal Farm

Linda
    $2,800 9
(Tom: The amendment prohibiting alcohol.)
(Alex Trebek: You made a little mistake; you forgot to phrase it in the form of a question. Sorry about that.)

prohibition

Tom
    $600 26
Jacques Cousteau

Alex
    $600 5
dalmatians

Tom
    $800 29
the Iran-Contra Affair

Alex
    $800 19
lobes

Alex
    $800 16
(Tom: What is "All", "All's Quiet on the Western Front"?)
(Alex Trebek: [*]. We'll accept that.)

All Quiet on the Western Front

Tom
    $800 10
New Jersey

Tom
    $800 27
whales

Linda
    $800 13
The Shaggy Dog

Alex
    $1000 30
Ronald Brown

Triple Stumper
    $1000 20
meningitis

Alex
    $1000 17
Carson McCullers

Alex
    $1000 11
Lincoln

Tom
    $1000 28
the Great Barrier Reef

Tom
    $1000 18
Old Yeller

Alex

Scores at the end of the Double Jeopardy! Round:

Tom Alex Linda
$7,200 $8,200 $4,500

[wagering suggestions for these scores]

Final Jeopardy! Round responses

PEOPLE & PLACES
LindaWhat is
$1,500
TomWhat is Atlantis?
$2,000
AlexWhat is Atlantis?
$6,301
Atlantis

Final scores:

Tom Alex Linda
$9,200 $14,501 $3,000

Cumulative scores:

Tom Alex Linda
$26,600 $24,601 $6,400
Tournament champion: $26,600 1st runner-up: $24,601 2nd runner-up: $7,500

Game dynamics:

Coryat scores:

Tom Alex Linda
$10,000 $8,700 $4,100
24 R,
1 W
(including 1 DD)
17 R,
2 W
(including 1 DD)
12 R
(including 1 DD),
1 W

Combined Coryat: $22,800

[game clues] [game scores] [suggest correction]

Game tape date: 1989-04-09
The J! Archive is created by fans, for fans. Scraping, republication, monetization, and malicious use prohibited; this site may use cookies and collect identifying information. See terms. The Jeopardy! game show and all elements thereof, including but not limited to copyright and trademark thereto, are the property of Jeopardy Productions, Inc. and are protected under law. This website is not affiliated with, sponsored by, or operated by Jeopardy Productions, Inc. Join the discussion at JBoard.tv.